Active inclusion - tool of prevent and eliminate of poverty and social exclusion

Gespeichert in:
Bibliographische Detailangaben
1. Verfasser: Ošková, Silvia, 1979-
Format: Buchkapitel
Sprache:Englisch
Tags: Tag hinzufügen
Keine Tags, Fügen Sie das erste Tag hinzu!

MARC

LEADER 00000naa$a2200000$$$4500
001 0103402
005 20240502083246.8
041 0 |a eng 
044 |a CZ 
245 1 0 |a Active inclusion - tool of prevent and eliminate of poverty and social exclusion  |c Silvia Ošková 
500 |a Abstrakt 
100 1 |a Ošková, Silvia, 1979-